Starostlivosť o starých a ťažko zdravotne postihnutých občanov. Súčasnosť a perspektívy
Úprava životných potrieb starých a ťažko zdravotne postihnutých (ZŤP) občanov v rámci systému sociálneho zabezpečenia. Starostlivosť o zdravotne postihnutých občanov (ZPO), vytváranie podmienok na pokrytie svojich potrieb vlastných zdrojov. Formy poskytovania služieb sociálnej starostlivosti. Systém...
Salvato in:
| Autore principale: | |
|---|---|
| Natura: | Capitolo di libro |
| Lingua: | slovacco |
| Soggetti: | |
| Tags: |
Nessun Tag, puoi essere il primo ad aggiungerne!!
|
MARC
| LEADER | 00000naa a2200000 4500 | ||
|---|---|---|---|
| 001 | r017462 | ||
| 005 | 20221213100342.8 | ||
| 041 | 0 | |a slo | |
| 044 | |a SK | ||
| 245 | 1 | 0 | |a Starostlivosť o starých a ťažko zdravotne postihnutých občanov. Súčasnosť a perspektívy |c Zuzana Krčková |
| 520 | |a Úprava životných potrieb starých a ťažko zdravotne postihnutých (ZŤP) občanov v rámci systému sociálneho zabezpečenia. Starostlivosť o zdravotne postihnutých občanov (ZPO), vytváranie podmienok na pokrytie svojich potrieb vlastných zdrojov. Formy poskytovania služieb sociálnej starostlivosti. Systémy sociálneho poistenia, štátnej sociálnej podpory a systém sociálnej pomoci. Riešenie kompenzácie sociálnych dôsledkov zdravotného postihnutia v rámci systému sociálnej pomoci. | ||
| 610 | 2 | 0 | |a politika sociálna |
| 610 | 2 | 0 | |a Slovensko |
| 610 | 2 | 0 | |a starostlivosť o prestárlych |
| 610 | 2 | 0 | |a starostlivosť o invalidov |
| 610 | 2 | 0 | |a starostlivosť sociálna |
| 610 | 2 | 0 | |a zabezpečenie sociálne |
| 610 | 2 | 0 | |a služby sociálne |
| 610 | 2 | 0 | |a pomoc sociálna |
| 610 | 2 | 0 | |a poistenie sociálne |
| 610 | 2 | 0 | |a podpory |
| 610 | 2 | 0 | |a potreby sociálne |
| 610 | 2 | 0 | |a vek postproduktívny |
| 100 | 1 | |a Krčková, Zuzana | |